000 00535nam a2200193 a 4500
005 20140310183605.0
008 120615s19uu xx 00 eng d
020 _a1439046638
050 _aQA 39.2
_b.M418 2010
100 _aMcKeague, Charles P.
245 _aPrealgebra /
_cCharles P. McKeague.
250 _a6th ed.
260 _aUnited States :
_bBrooks/Cole Cengage Learning,
_c2010.
300 _a669 p. :
_bcol. ill. ;
_c28 cm.
500 _aIncludes index
650 _aAlgebra
942 _cBK
_2lcc
_kFOR
999 _c25150
_d25150